Grevillea robusta in Agroforestry and Forestry (Record no. 18127)

MARC details
000 -LEADER
fixed length control field 00405nam a22001337a 4500
008 - FIXED-LENGTH DATA ELEMENTS--GENERAL INFORMATION
fixed length control field 191209b xxu||||| |||| 00| 0 eng d
020 ## - INTERNATIONAL STANDARD BOOK NUMBER
International Standard Book Number 9290590971
050 ## - LIBRARY OF CONGRESS CALL NUMBER
Classification number SB317
Item number .G74 1992 c.1
245 ## - TITLE STATEMENT
Title Grevillea robusta in Agroforestry and Forestry
Remainder of title Proceedings of an International Workshop
260 ## - PUBLICATION, DISTRIBUTION, ETC. (IMPRINT)
Place of publication, distribution, etc. Nairobi, Kenya
Name of publisher, distributor, etc. ICRAF
Date of publication, distribution, etc. 1992
300 ## - PHYSICAL DESCRIPTION
Extent 190p.
650 ## - SUBJECT ADDED ENTRY--TOPICAL TERM
Topical term or geographic name as entry element Grevillea robusta
942 ## - ADDED ENTRY ELEMENTS (KOHA)
Source of classification or shelving scheme Library of Congress Classification
Koha item type General Collection
Holdings
Withdrawn status Lost status Source of classification or shelving scheme Not for loan Home library Current library Date acquired Total Checkouts Full call number Barcode Date last seen Price effective from Koha item type
    Library of Congress Classification   Kabarak, Main Campus Kabarak, Main Campus 09/12/2019   SB317 .G74 1992 c.1 023094 09/12/2019 09/12/2019 General Collection
Designed with assistance from East African Informatics Ltd